[Event "Sarajevo-ch 2019"]
[Site "Sarajevo"]
[Date "2019.03.15"]
[Round "4.4"]
[White "Sutkovic, Damir"]
[Black "Sitnic, Ahmed"]
[Result "1-0"]
[WhiteElo "2346"]
[BlackElo "1841"]
[Annotator "TA"]
[PlyCount "69"]
[EventDate "2019.03.12"]
[EventType "tourn"]
[EventCountry "BIH"]
[SourceTitle "playchess.com"]
[Source "ChessBase"]
[SourceQuality "1"]

{[%evp 25,69,32,39,31,35,36,43,39,57,58,68,77,61,63,62,58,62,54,63,62,53,52,69,54,65,60,76,73,80,39,33,38,60,23,89,77,221,211,509,520,512,517,484,486,795,763]} 1. Nf3 d5 2. d4 Nf6 3. g3 e6 4. Bg2 Be7 5. O-O O-O 6. c4 c6 7. Qc2 b6 8. Nbd2 Bb7 9. e4 dxe4 10. Nxe4 Nxe4 11. Qxe4 Nd7 12. Rd1 Nf6 13. Qc2 Qc8 14. c5 {E09: Closed Catalan: Main Line: 7 Qc2 c6 8 Nbd2} h6 (14... Rd8 15. Bf4 Nd5 16. Bg5 Qc7 17. Bxe7 Qxe7 18. Rac1 Rac8 19. a3 bxc5 20. dxc5 e5 21. Re1 f6 22. Nd2 Rb8 23. f4 Qd7 24. fxe5 fxe5 25. Nc4 {1-0 (24) Istratescu,A (2580)-Martinovici,I (2338) Alba Iulia 2017}) 15. Ne5 $146 ({Predecessor:} 15. Bd2 Nd5 16. Rac1 Bf6 17. Ne5 Qc7 18. Qe4 Bxe5 19. dxe5 a5 20. Be3 bxc5 21. Bxc5 Rfe8 {1-0 (82) Dordzhieva,D (2318)-Li,X (2086) Manavgat 2018}) 15... Nd5 16. a3 {White is slightly better.} bxc5 17. dxc5 Qc7 18. Re1 a5 19. b3 Ba6 20. Bb2 Bf6 21. Rab1 Rfd8 22. Qe4 Rab8 23. Ba1 Rb7 24. Bh3 {[#] Threatens to win with Nxf7!} Kh8 25. Bg4 Bxe5 26. Bxe5 Qe7 {Hoping for ...f5.} 27. Qd4 Nf6 28. Bd6 Ne8 {[%cal Re8d6]} 29. Red1 $36 {[%mdl 2048] White fights for an advantage.} Qf6 (29... Nxd6 $11 30. cxd6 Qg5) 30. Qa4 Bb5 (30... Nxd6 $16 {was called for.} 31. cxd6 Qg5) 31. Qxa5 $18 {Strongly threatening a4.} Qg5 $2 {[#]} (31... Nxd6 32. cxd6 c5) 32. h4 {White is clearly winning.} Qf6 33. a4 Nxd6 34. cxd6 Bd3 (34... h5 $142 35. Bxh5 (35. axb5 Rxb5 36. Qc7 hxg4 $16) 35... Rbb8) 35. Rxd3 {Accuracy: White = 86%, Black = 24%.} 1-0

[Event "Sarajevo-ch 2019"]
[Site "Sarajevo"]
[Date "2019.03.15"]
[Round "4.5"]
[White "Mrndjic, Muamer"]
[Black "Hadzovic, Amir"]
[Result "1-0"]
[WhiteElo "2246"]
[BlackElo "2255"]
[Annotator "TA"]
[PlyCount "117"]
[EventDate "2019.03.12"]
[EventType "tourn"]
[EventCountry "BIH"]
[SourceTitle "playchess.com"]
[Source "ChessBase"]
[SourceQuality "1"]

{[%evp 11,117,14,13,14,12,10,19,13,10,0,12,4,0,-5,27,-12,-16,-47,6,-33,-25,-21,-12,-32,-16,-23,0,0,12,10,21,14,27,14,45,19,46,46,100,81,140,127,306,254,268,277,252,225,227,0,0,0,0,0,0,0,0,0,0,0,0,0,0,0,0,0,0,0,0,0,393,152,368,312,1412,1385,3444,3132,2681,2508,2287,0,1933,1669,29945,6187,2316,609,511,0,2220,896,807,838,1328,1304,1199,1114,898,840,1203,1237,6225,6225,6225,6399,29979,29977]} 1. d4 Nf6 2. c4 e6 3. Nf3 Bb4+ 4. Bd2 Bxd2+ 5. Qxd2 b6 6. Nc3 Bb7 7. Qc2 {E11: Bogo-Indian} (7. d5 O-O 8. e4 exd5 9. exd5 c6 10. Be2 cxd5 11. cxd5 Na6 12. O-O Nc7 13. d6 Ne6 14. Ne5 Rc8 15. h3 {1-0 (38) Ghaem Maghami,E (2525)-Toufighi,H (2436) Amol 2018}) 7... d5 8. cxd5 exd5 9. e3 {The position is equal.} O-O 10. Bd3 c5 11. O-O Nc6 12. a3 a6 $146 ({Predecessor:} 12... c4 13. Bf5 g6 14. Bh3 Bc8 15. Bxc8 Rxc8 {1-0 (27) Ritsema,R (2011)-Dardha,A (2284) Maastricht 2014}) 13. Rad1 c4 14. Bf5 b5 (14... g6 $15 15. Bh3 Re8) 15. Ne5 Ne7 16. Bh3 Qd6 17. f3 Bc8 18. Bxc8 Rfxc8 19. e4 Rab8 20. Nxf7 Kxf7 21. e5 {[%mdl 64] Double Attack} Qb6 22. exf6 Qxf6 23. Rfe1 g6 24. Re5 $36 {[%mdl 2048] Black is under pressure.} Re8 (24... Rd8 $14) 25. Qd2 Nf5 ({Black should try} 25... Rbd8) 26. Nxd5 $16 Qd6 $2 (26... Qc6 $16) 27. Qf4 Rxe5 28. dxe5 Qc5+ 29. Kh1 Rd8 30. g4 $2 (30. e6+ $18 Kxe6 31. Qe4+ Kf7 32. g4) 30... Rxd5 $11 31. Rxd5 Qxd5 32. gxf5 {[%mdl 4096] Endgame KQ-KQ} Qd1+ 33. Kg2 Qe2+ 34. Kh3 Qf1+ 35. Kh4 Qf2+ {[%mdl 64] Double Attack} 36. Kg5 {White wants to mate with e6+.} Qg2+ 37. Qg3 Qd2+ 38. f4 {And now Qg4 would win.} Qd8+ 39. f6 {aiming for Qh3.} h6+ $1 40. Kh4 Qd1 $2 {[%mdl 8192] [#]} (40... Qd2 $1 $11) 41. Qe3 $2 (41. Qg2 $1 $18 {[%cal Rg2e4]} Qe1+ 42. Kg4 Qd1+ 43. Kh4) 41... Ke6 $2 (41... a5 $16 42. e6+ Kxf6) 42. Qe4 $18 Qd3 $2 (42... Qg1 43. Qe2 a5) 43. Qc6+ {[%mdl 64] Double Attack} Kf7 44. Qb7+ Ke6 45. Qc8+ Kf7 46. Qb7+ Ke6 47. Qxa6+ Kf7 48. Qb7+ (48. Qa7+ $142 Ke6 49. Qe7+ Kd5 50. f7 Qf5 51. f8=Q g5+ 52. Kh5 Qh3+ 53. Kg6) 48... Ke6 49. Qg2 (49. Qe7+ $142 Kd5 50. f7 g5+ 51. Kh5 Qf3+ 52. Kxh6 Qh3+ 53. Kxg5 Qg2+ 54. Kf6) 49... Kf7 50. Qb7+ (50. Kg4 $142) 50... Ke6 51. f7 (51. Qe7+ $142 Kd5 52. f7 g5+ 53. Kh5 Qf3+ 54. Kxh6 Qh3+ 55. Kxg5 Qxh2 56. Qd7+ Ke4 57. f8=Q Qg1+ 58. Qg4) 51... Qd8+ 52. Kg3 Qd3+ {[#]} 53. Qf3 $1 Qd8 {[#]} 54. f8=Q $1 Qxf8 55. Qc6+ Kf5 56. Kf3 {[%cal Rc6d7]} g5 57. Qd7+ Kg6 58. Qd6+ Qxd6 59. exd6 {Accuracy: White = 57%, Black = 40%.} 1-0

[Event "Sarajevo-ch 2019"]
[Site "Sarajevo"]
[Date "2019.03.16"]
[Round "5.1"]
[White "Hadzovic, Amir"]
[Black "Kurtcehajic, Suad"]
[Result "1-0"]
[WhiteElo "2255"]
[BlackElo "1982"]
[Annotator "NA RC"]
[PlyCount "99"]
[EventDate "2019.03.12"]
[EventType "tourn"]
[EventCountry "BIH"]
[SourceTitle "playchess.com"]
[Source "ChessBase"]
[SourceQuality "1"]
[TimeControl "5400+30"]

{[%evp 8,76,31,0,47,45,48,34,46,33,29,37,19,32,78,71,61,64,78,37,33,38,32767,32767,35,32767,58,32767,53,31,32,27,29,22,32767,32767,32767,32767,32767,32767,32767,-85,-82,-99,-59,32767,32767,32767,-110,-118,-119,-192,-97,-70,-95,-121,-45,-64,-56,-74,32767,-66,32767,-54,229,339,249,348,365,229,365]} 1. e4 {[%emt 0:05:03]} c6 {[%emt 0:01:59]} 2. Nc3 {[%emt 0:00:06]} d5 {[%emt 0:00:04]} 3. Nf3 {[%emt 0:00:05]} Bg4 {[%emt 0:00:13]} 4. h3 {[%emt 0:00:43]} Bxf3 {[%emt 0:00:26]} 5. Qxf3 {[%emt 0:00:07]} dxe4 {[%emt 0:00:09]} 6. Nxe4 {[%emt 0:00:43]} Nd7 {[%emt 0:01:07]} 7. d4 {[%emt 0:05:19]} e6 {[%emt 0:01:13]} 8. Bg5 {[%emt 0:04:09] B11: Caro-Kann: Two Knights Variation} (8. Bd3 Ngf6 9. c3 Be7 10. O-O Nxe4 11. Qxe4 Nf6 12. Qe2 O-O 13. Bg5 h6 14. Bxf6 Bxf6 15. Rad1 Qd5 16. Qe4 Qxe4 17. Bxe4 Rfd8 18. g3 g6 19. Kg2 h5 20. h4 Kg7 {½-½ (20) Shanava,K (2557)-Pantsulaia,L (2587) Tbilisi 2010}) 8... Ndf6 {[%emt 0:08:18]} 9. O-O-O {[%emt 0:08:05]} h6 $146 {[%emt 0:15:18]} ({Predecessor:} 9... Qd5 10. Bxf6 Qxa2 11. Nc3 Qa1+ 12. Kd2 Qa5 13. Be5 O-O-O 14. Bd3 f6 15. Ra1 Qb6 16. Bf4 Bb4 17. Rhe1 Rxd4 18. Rxe6 Ne7 19. Rxe7 Rxd3+ 20. cxd3 Bxe7 21. Kc2 g6 22. Be3 {1-0 (22) Onoprienko,V (2342)-Werner,A Hockenheim 2007}) 10. Bh4 {[%emt 0:02:48]} g5 {[%emt 0:04:45]} 11. Bg3 {[%emt 0:01:18]} Nxe4 {[%emt 0:03:30]} 12. Qxe4 {[%emt 0:00:06]} Qd5 {[%emt 0:19:36]} 13. Qe5 {[%emt 0:09:38]} Qxe5 {[%emt 0:03:48]} 14. Bxe5 {[%emt 0:00:23]} f6 {[%emt 0:03:41]} 15. Bh2 {[%emt 0:00:31]} Ne7 {[%emt 0:05:01]} 16. Bd3 {[%emt 0:01:58]} Kd7 {[%emt 0:15:47]} 17. c4 {[%emt 0:03:54]} Nc8 {[%emt 0:07:27]} 18. d5 {[%emt 0:02:30]} cxd5 {[%emt 0:01:40]} 19. cxd5 {[%emt 0:00:14]} e5 {[%emt 0:00:23]} 20. Bf5+ {[%emt 0:01:53]} Kd8 {[%emt 0:00:25]} 21. Rhe1 {[%emt 0:06:54]} Bc5 {[%emt 0:00:17]} 22. Re2 {[%emt 0:00:24]} Nd6 {[%emt 0:00:11]} 23. Be6 {[%emt 0:00:09]} Ke7 {[%emt 0:00:28]} 24. Kb1 {[%emt 0:05:48] [#]} (24. Rc2 $11 {keeps the balance.} Bb6 25. a4) 24... Nb5 $1 {[%emt 0:00:43]} 25. Rc2 {[%emt 0:10:20]} Bb6 {[%emt 0:00:59]} 26. g3 {[%emt 0:02:35]} Nd4 {[%emt 0:00:21]} 27. Rxd4 {[%emt 0:00:10]} Bxd4 {[%emt 0:02:49]} 28. Rc7+ {[%emt 0:06:32]} Kd6 {[%emt 0:00:10]} 29. Rxb7 {[%emt 0:03:21]} (29. Rd7+ $17 Kc5 30. Rxb7) 29... Rab8 {[%emt 0:01:30]} (29... Rhd8 $19 30. Rf7 Bxf2) 30. Rd7+ {[%emt 0:00:05]} Kc5 {[%emt 0:00:06]} 31. b3 {[%emt 0:00:09]} Kb4 {[%emt 0:00:32]} ({Black should play} 31... a5 $17 32. Rc7+ Kb6 33. Rc6+ Ka7) 32. Rc7 {[%emt 0:00:26]} Bxf2 {[%emt 0:00:41]} 33. g4 {[%emt 0:01:29]} Rhd8 {[%emt 0:00:38]} 34. Rc2 {[%emt 0:02:24]} Bd4 {[%emt 0:00:38]} 35. Bg3 {[%emt 0:01:43] [#]} Rb7 $2 {[%emt 0:00:34]} (35... Bc3 $1 $17 {keeps the pressure on.}) 36. Be1+ {[%emt 0:00:54]} Kb5 {[%emt 0:00:11]} 37. Rc6 {[%emt 0:03:15]} Bb6 {[%emt 0:00:34]} 38. a4+ {[%emt 0:00:39]} Ka6 $18 {[%emt 0:00:46]} 39. a5 {[%emt 0:02:25]} Kb5 {[%emt 0:01:52]} 40. axb6 {[%emt 0:00:21]} Rxb6 {[%emt 0:00:23]} 41. Rxb6+ {[%emt 0:02:00]} axb6 {[%emt 0:00:20]} 42. Bf2 {[%emt 0:00:15]} Ka5 {[%emt 0:00:42]} 43. Kc2 {[%emt 0:00:30]} Rd6 {[%emt 0:00:03]} 44. Be1+ {[%emt 0:00:30]} Kb5 {[%emt 0:00:04]} 45. Kd3 {[%emt 0:00:07]} Kc5 {[%emt 0:00:26]} 46. Ke4 {[%emt 0:00:16]} Rd8 {[%emt 0:00:05]} 47. Bf2+ {[%emt 0:00:16]} Kb5 {[%emt 0:00:45]} 48. Kf5 {[%emt 0:00:18]} Kb4 {[%emt 0:00:33]} 49. Bxb6 {[%emt 0:00:25]} Rf8 {[%emt 0:01:07]} 50. Ke4 1-0

[Event "Sarajevo-ch 2019"]
[Site "Sarajevo"]
[Date "2019.03.16"]
[Round "5.2"]
[White "Sitnic, Ahmed"]
[Black "Mrndjic, Muamer"]
[Result "0-1"]
[WhiteElo "1841"]
[BlackElo "2246"]
[Annotator "TA"]
[PlyCount "172"]
[EventDate "2019.03.12"]
[EventType "tourn"]
[EventCountry "BIH"]
[SourceTitle "playchess.com"]
[Source "ChessBase"]
[SourceQuality "1"]

{[%evp 16,172,18,11,33,0,6,-19,-4,-17,-22,-24,0,0,0,0,0,-35,-9,-29,-27,-32,-28,-39,-26,-25,60,0,0,0,8,0,132,-32,-24,-24,-20,-28,-13,-61,-27,-37,0,-28,-29,-58,-55,-95,-100,-91,-104,-95,-101,-95,-17,-159,-72,-137,-87,-112,-104,-129,-93,-83,28,44,54,0,7,-188,-163,-184,-198,-178,-170,-382,-371,-343,-348,-530,-545,-537,-537,-537,-537,-531,-531,-503,-503,-523,-60,-530,-466,-459,-203,-175,-169,-459,0,-450,-449,-436,-434,-423,-416,-523,0,-403,-373,-416,-409,-399,-389,-356,-360,-523,-406,-480,-473,-354,-133,-309,-295,-284,0,-254,-254,-481,-450,-649,-605,-2540,-2613,-4133,-2624,-1211,-1026,-29965,-29966,-29966,-29966,-29969,-29967,-29969,-29969,-29970,-29970,-29979,-29980,-29982,-29973,-29972,-29972,-29978,-29975,-29979,-29980,-29983,-29982]} 1. d4 Nf6 2. Nf3 g6 3. Bf4 Bg7 4. h3 O-O 5. e3 c5 6. c3 d6 7. Be2 cxd4 8. exd4 Nc6 9. O-O b6 {A48: 1 d4 Nf6 2 Nf3 g6: Torre, London and Colle Systems} (9... Nd5 10. Bh2 e5 11. Na3 exd4 12. Nc4 Nb6 13. Nxd6 dxc3 14. bxc3 Bxc3 15. Rc1 Bb4 16. Bb5 Qe7 17. Bxc6 {½-½ (47) Inarkiev,E (2690)-Wei,Y (2735) Magas 2018}) 10. Qa4 $146 ({Predecessor:} 10. Bh2 Bb7 11. Re1 Rc8 12. Nbd2 Re8 13. Bb5 a6 14. Ba4 b5 15. Bb3 Na5 16. Bc2 Nc4 17. Nxc4 Rxc4 {1-0 (31) Koch,M (2016)-Lebenstedt,W playchess.com INT 2004}) 10... Bb7 11. Ba6 Qc8 {The position is equal.} 12. Bxb7 Qxb7 13. Nbd2 Rfe8 14. Rfe1 Nd5 15. Bg3 b5 16. Qa3 Bf8 17. Qb3 Na5 $1 {[%cal Ra5b3]} 18. Qc2 Rac8 19. Qe4 Nb6 20. Qh4 Na4 (20... Nac4 $11) 21. Rab1 ({Of course not} 21. Ng5 $6 h6 $11) (21. Ne4 $14) 21... Qd5 $11 22. Bf4 f6 23. Bh6 g5 (23... Bxh6 $11 24. Qxh6 Qf7) 24. Qh5 $2 ({White must play} 24. Bxg5 $1 $16 {Black must now prevent Bf4.} fxg5 25. Nxg5) 24... Qf7 $1 $15 {[%cal Rf7h5]} 25. Qxf7+ Kxf7 26. Bxf8 Kxf8 27. Re3 d5 28. Ne1 e6 29. Nd3 Nc4 30. Re2 Ncxb2 {[%mdl 64] Remove Defender} 31. Nxb2 Nxc3 {[%mdl 64] Double Attack} 32. Ree1 {With the idea Ra1.} Nxb1 33. Rxb1 Rc2 34. Nb3 e5 (34... Kf7 $17 35. Nd3 Rxa2) 35. a4 (35. dxe5 $11 fxe5 36. Nd3) 35... Rb8 (35... bxa4 $142 36. Nxa4 exd4) 36. Nc5 (36. a5 $142) 36... Ke7 {aiming for ...bxa4.} 37. Nbd3 Kd6 38. axb5 exd4 39. Na6 Rbc8 (39... Rb7 $17 {Strongly threatening ...Rc3.} 40. Kf1 h5) 40. Nab4 $11 Rd2 41. Kf1 {Threatens to win with Ke1.} Rc3 $1 42. Ra1 $2 (42. Ne1 $11 {and White is okay.}) 42... Rdxd3 43. Nxd3 Rxd3 44. Rxa7 $19 {[%mdl 4096] Endgame KR-KR} Rb3 45. Rxh7 $2 (45. Ke2) 45... d3 {[%cal Rb3b1]} 46. Ke1 Rxb5 47. Kd2 (47. g4 $142 Rb2 48. h4) 47... Rb2+ 48. Kxd3 Rxf2 49. g4 Ke5 50. Ke3 Ra2 51. Re7+ Kd6 52. Rh7 Ke6 $2 (52... Ra3+ $19 53. Kd4 Ke6) 53. Kd4 $2 {[%mdl 8192]} ({White has to play} 53. h4 $1 $15) 53... Ra1 54. Rh8 Rd1+ (54... Ra4+ $142 55. Ke3 Re4+ 56. Kd2 Rd4+ 57. Ke3 Re4+ 58. Kd3 Ra4) 55. Ke3 Re1+ $1 56. Kd3 $2 (56. Kf3 Ke7 57. Kf2) 56... Ra1 $2 (56... Rc1 $19 57. Ke3 Rc3+ 58. Kd4 Rc4+ 59. Ke3 Re4+ 60. Kd2 Ke5) 57. Ke3 $2 {[%mdl 8192]} (57. Kd4 $1 $11 {and White stays safe.}) 57... Ra3+ 58. Kd4 Ra4+ 59. Ke3 Re4+ 60. Kd3 Ra4 61. Ke3 $1 Rb4 62. Rh7 Ke5 63. Re7+ Kd6 64. Rh7 Re4+ 65. Kd3 (65. Kf3 {was forced.} Ke5 66. Ra7) 65... Re7 66. Rh8 Ke5 67. Ke3 Re6 $2 (67... d4+ $1 $19 {has better winning chances.} 68. Kd3 Ra7) 68. Rh7 $2 (68. Rd8 $17) 68... Kd6+ 69. Kd4 Re4+ 70. Kd3 {[#]} Ke5 $1 71. Re7+ $2 (71. Rh6 {was worth a try.}) 71... Kf4 72. Rf7 (72. Rh7 $142 Rb4 73. Kc3 Rc4+ 74. Kd2) 72... Re3+ 73. Kd4 Rxh3 74. Rxf6+ Kxg4 75. Rg6 Rh1 76. Kxd5 Re1 {Black mates.} 77. Kd4 Kh4 78. Kd3 g4 79. Kd2 Re5 80. Rg8 g3 81. Rh8+ Kg4 82. Rg8+ Kf3 83. Rf8+ {[#]} Kg2 $1 84. Rf7 Kg1 85. Rf8 g2 86. Rf7 Rh5 {Accuracy: White = 22%, Black = 48%.} 0-1

[Event "Sarajevo-ch 2019"]
[Site "Sarajevo"]
[Date "2019.03.16"]
[Round "5.3"]
[White "Terzic, Ilijas"]
[Black "Sutkovic, Damir"]
[Result "0-1"]
[WhiteElo "2137"]
[BlackElo "2346"]
[Annotator "RC"]
[PlyCount "94"]
[EventDate "2019.03.12"]
[EventType "tourn"]
[EventCountry "BIH"]
[SourceTitle "playchess.com"]
[Source "ChessBase"]
[SourceQuality "1"]
[TimeControl "5400+30"]

1. d4 {[%emt 0:00:00]} Nf6 {[%emt 0:00:00]} 2. Nf3 {[%emt 0:00:00]} c5 {[%emt 0:00:00]} 3. e3 {[%emt 0:00:21]} g6 {[%emt 0:01:29]} 4. Be2 {[%emt 0:04:22]} Bg7 {[%emt 0:01:36]} 5. O-O {[%emt 0:02:26]} cxd4 {[%emt 0:00:18]} 6. exd4 {[%emt 0:00:25]} d5 {[%emt 0:00:27]} 7. c3 {[%emt 0:01:04]} Nc6 {[%emt 0:07:48]} 8. Bf4 {[%emt 0:01:18]} Bg4 {[%emt 0:03:09]} 9. h3 {[%emt 0:00:39]} Bxf3 {[%emt 0:00:21]} 10. Bxf3 {[%emt 0:00:10]} O-O {[%emt 0:00:30]} 11. Nd2 {[%emt 0:00:13]} Re8 {[%emt 0:04:25]} 12. Re1 {[%emt 0:01:01]} e6 {[%emt 0:03:09]} 13. Nb3 {[%emt 0:04:03]} Nd7 {[%emt 0:01:51]} 14. Rb1 {[%emt 0:03:35]} Rc8 {[%emt 0:07:54]} 15. Nc1 {[%emt 0:01:10]} Na5 {[%emt 0:09:32]} 16. Nd3 {[%emt 0:01:04]} Nc4 {[%emt 0:00:40]} 17. Qb3 {[%emt 0:06:54]} Na5 {[%emt 0:06:44]} 18. Qd1 {[%emt 0:04:21]} a6 {[%emt 0:01:59]} 19. Be2 {[%emt 0:04:58]} Nc4 {[%emt 0:05:19]} 20. Bf1 {[%emt 0:02:12]} Bf8 {[%emt 0:03:26]} 21. g3 {[%emt 0:04:16]} Nf6 {[%emt 0:01:59]} 22. Bg2 {[%emt 0:00:27]} Nh5 {[%emt 0:01:45]} 23. Bc1 {[%emt 0:00:20]} Bd6 {[%emt 0:00:46]} 24. Bf3 {[%emt 0:00:30]} Ng7 {[%emt 0:00:46]} 25. h4 {[%emt 0:01:05]} h5 {[%emt 0:01:46]} 26. Bf4 {[%emt 0:01:52]} Nf5 {[%emt 0:01:50]} 27. Bg2 {[%emt 0:04:44]} Bxf4 {[%emt 0:04:54]} 28. Nxf4 {[%emt 0:00:12]} Qd6 {[%emt 0:00:24]} 29. Nd3 {[%emt 0:00:16]} b6 {[%emt 0:01:48]} 30. Bh3 {[%emt 0:00:18]} Ng7 {[%emt 0:02:10]} 31. Qe2 {[%emt 0:02:30]} a5 {[%emt 0:02:11]} 32. Rbd1 {[%emt 0:00:50]} Qd8 {[%emt 0:03:35]} 33. Ne5 {[%emt 0:00:52]} Nxe5 {[%emt 0:00:43]} 34. Qxe5 {[%emt 0:00:17]} b5 {[%emt 0:03:18]} 35. Bf1 {[%emt 0:00:32]} Qb6 {[%emt 0:02:52]} 36. Bd3 {[%emt 0:02:01]} b4 {[%emt 0:04:53]} 37. cxb4 {[%emt 0:01:27]} Qxb4 {[%emt 0:00:04]} 38. b3 {[%emt 0:01:53]} Rc3 {[%emt 0:00:42]} 39. Qe2 {[%emt 0:00:27]} Rec8 {[%emt 0:00:25]} 40. Bb1 {[%emt 0:01:25]} R8c6 {[%emt 0:01:47]} 41. Kf1 {[%emt 0:00:59]} Ne8 {[%emt 0:01:13]} 42. Rd3 {[%emt 0:00:16]} Nf6 {[%emt 0:00:35]} 43. Rxc3 {[%emt 0:00:16]} Qxc3 {[%emt 0:00:18]} 44. Rd1 {[%emt 0:00:14]} Kg7 {[%emt 0:00:46]} 45. Qe5 {[%emt 0:01:01]} Qf3 {[%emt 0:00:18]} 46. Re1 {[%emt 0:04:08]} Rc3 {[%emt 0:01:48]} 47. Qf4 {[%emt 0:03:53]} Qxf4 {[%emt 0:01:01]} 0-1

[Event "Sarajevo-ch 2019"]
[Site "Sarajevo"]
[Date "2019.03.16"]
[Round "5.5"]
[White "Dizdarevic, Emir"]
[Black "Halilovic, Fahrudin"]
[Result "1/2-1/2"]
[WhiteElo "2430"]
[BlackElo "2053"]
[Annotator "TA"]
[PlyCount "84"]
[EventDate "2019.03.12"]
[EventType "tourn"]
[EventCountry "BIH"]
[SourceTitle "playchess.com"]
[Source "ChessBase"]
[SourceQuality "1"]

{[%evp 15,84,31,32,29,41,30,20,22,38,-18,-13,-38,-19,-32,-25,-41,-32,-37,-54,-48,-56,-42,-42,-57,-45,-106,-104,-107,-107,-163,-119,-141,-150,-147,-146,-141,-139,-197,-219,-200,-209,-202,-196,-189,-33,-206,-190,-174,-140,-135,-108,-159,-108,-163,-166,-166,-153,-164,-162,-146,-29,-29,-30,-32,-11,-13,0,0,0,0,-4]} 1. Nf3 f5 2. b3 Nf6 3. Bb2 g6 4. g3 Bg7 5. Bg2 O-O 6. O-O d6 7. d4 Ne4 8. Nbd2 Nc6 9. Ne1 {A81: Dutch Defence: 2 g3} (9. e3 Nxd2 10. Qxd2 e5 11. dxe5 dxe5 12. Rfd1 Qxd2 13. Nxd2 e4 14. Bxg7 Kxg7 15. f3 exf3 16. Nxf3 Rd8 17. Ng5 {1-0 (40) Ju,W (2575)-Muzychuk,A (2569) St Petersburg 2018}) 9... d5 10. Ndf3 a5 11. Nd3 a4 {Black wants to play ...a3.} 12. a3 (12. Rc1 $14) 12... b6 $11 13. Rc1 $146 ({Predecessor:} 13. Nfe5 Nxe5 14. dxe5 c5 15. Qc1 e6 16. f3 Ng5 {½-½ (35) De Blois Figueredo,A (2375)-Grayland,S (2383) ICCF email 2011}) 13... Ba6 14. Re1 e6 15. Nfe5 Nxe5 16. Nxe5 f4 17. gxf4 Rxf4 18. f3 Nd6 19. e3 Rf8 20. Qd2 (20. c4 $15) 20... Nf5 $17 21. Qf2 Bf6 22. Qd2 (22. Red1 $17) 22... Nh4 {Hoping for ...Bxe5.} 23. Nd3 axb3 24. cxb3 Nxg2 25. Kxg2 Bh4 26. Rg1 (26. Ne5 $17) 26... Bxd3 $1 $19 27. Qxd3 {[#]} Qg5+ $1 28. Kh1 Qh5 29. f4 Qf3+ 30. Rg2 {[#]} Rxf4 $1 {[%mdl 576] Pin} 31. Qe2 (31. exf4 Qxd3) 31... Qxe2 32. Rxe2 Rf7 33. e4 ({White should play} 33. Rcc2) 33... Bg5 (33... dxe4 $142 34. Rcc2 Raf8) 34. Rc6 (34. Rcc2 $17 {was called for.}) 34... dxe4 35. Kg2 Raf8 36. Bc1 Bxc1 37. Rxc1 {[%mdl 4096] Endgame [#] KRR-KRR} Rf5 (37... Rf4 $1 $17 {And now ...Rg4+ would win.} 38. Rxc7 Rg4+ 39. Kh3 Rg1) 38. Rxe4 $11 Rg5+ 39. Kh1 Rf2 40. Rxe6 {The position is equal.} Rgg2 41. Rxc7 {Re8+ is the strong threat.} Rxh2+ 42. Kg1 {Threatens to win with Re8+.} Rhg2+ {Accuracy: White = 54%, Black = 73%.} 1/2-1/2

[Event "Sarajevo-ch 2019"]
[Site "Sarajevo"]
[Date "2019.03.16"]
[Round "6.1"]
[White "Kurtcehajic, Suad"]
[Black "Halilovic, Fahrudin"]
[Result "1/2-1/2"]
[WhiteElo "1982"]
[BlackElo "2053"]
[Annotator "NA"]
[PlyCount "51"]
[EventDate "2019.03.12"]
[EventType "tourn"]
[EventCountry "BIH"]
[SourceTitle "playchess.com"]
[Source "ChessBase"]
[SourceQuality "1"]
[TimeControl "5400+30"]

1. e4 {[%emt 0:01:07]} c5 {[%emt 0:01:12]} 2. c3 {[%emt 0:00:04]} d5 {[%emt 0:08:11]} 3. exd5 {[%emt 0:00:16]} Qxd5 {[%emt 0:00:05]} 4. d4 {[%emt 0:09:33]} cxd4 {[%emt 0:00:12]} 5. cxd4 {[%emt 0:00:06]} Nc6 {[%emt 0:00:04]} 6. Nf3 {[%emt 0:00:52]} Bg4 {[%emt 0:00:04]} 7. Be2 {[%emt 0:00:10]} e6 {[%emt 0:07:11]} 8. Nc3 {[%emt 0:00:05]} Qa5 {[%emt 0:00:05]} 9. h3 {[%emt 0:06:41]} Bh5 {[%emt 0:00:16]} 10. d5 {[%emt 0:00:11]} exd5 {[%emt 0:06:29]} 11. Qxd5 {[%emt 0:00:04]} Qxd5 {[%emt 0:00:08]} 12. Nxd5 {[%emt 0:00:05]} O-O-O {[%emt 0:00:04]} 13. Nf4 {[%emt 0:08:03]} Bb4+ {[%emt 0:00:08]} 14. Kf1 {[%emt 0:00:30]} Bxf3 {[%emt 0:05:54]} 15. Bxf3 {[%emt 0:00:06]} Nf6 {[%emt 0:00:11]} 16. Be3 {[%emt 0:00:10]} Rhe8 {[%emt 0:01:23]} 17. Rd1 {[%emt 0:02:28]} Rxd1+ {[%emt 0:00:05]} 18. Bxd1 {[%emt 0:00:06]} Rd8 {[%emt 0:00:29]} 19. Ke2 {[%emt 0:12:23]} Nd4+ {[%emt 0:00:05]} 20. Bxd4 {[%emt 0:00:04]} Rxd4 {[%emt 0:00:10]} 21. Nd3 {[%emt 0:00:13]} Ba5 {[%emt 0:00:43]} 22. Bb3 {[%emt 0:00:03]} Rd7 {[%emt 0:00:14]} 23. Rc1+ {[%emt 0:01:03]} Kd8 {[%emt 0:00:58]} 24. Ba4 {[%emt 0:00:07]} Re7+ {[%emt 0:00:03]} 25. Kf3 {[%emt 0:00:50]} Bb6 {[%emt 0:00:06]} 26. Rd1 {[%emt 0:00:04]} 1/2-1/2